000 00716nam a2200241Ia 4500
003 OSt
005 20221005063049.0
006 a|||||r|||| 00| 0
007 ta
008 221004b |||||||| |||| 00| 0 eng d
024 _a52115
037 _cTextual
040 _aCRL
_cCRL
_beng
041 _2eng
_aeng
082 _aR3xM44:g, K5
100 _aJaspers Karl
245 0 _aNietzsche
_b An introduction to the understanding of his philosophical activity Tr by Charles F Wallratt and Frederick J Schmitz
260 _aLondon
_bUniversity of America
_c1965
300 _a496p
_ccm.
650 _aPHILOSOPHY
942 _hR3xM44:g, K5
_cTEXL
_2cc
999 _c970788
_d970788